Top 15 most streamed Lil Tjay songs - Statistics

General Stats
  • This quiz has been taken 143 times
    30 since last reset
  • The average score is 8 of 15
Answer Stats
Rank Streams Songs % Correct
2. 824,693,734 F.N
97%
1. 878,749,717 Calling My Phone
76%
3. 505,774,955 Sex Sounds
76%
7. 279,936,781 Brothers
66%
4. 451,272,947 Run It Up
62%
6. 309,800,006 Leaked
59%
11. 152,078,722 One Take
55%
9. 226,848,922 Hold On
48%
10. 156,781,456 Ruthless
45%
5. 366,720,162 Headshot
38%
13. 132,968,870 Beat the Odds
34%
14. 129,262,239 Goat
31%
8. 266,525,892 In My Head
31%
15. 129,003,801 20/20
21%
12. 150,160,208 Zoo York
17%
No matching quizzes found
Score Distribution
Percent of People with Each Score
Percentile by Number Answered
Your Score History
You have not taken this quiz since the last reset